Tribhuvan University Central Library

Basic electricity; a text-kav nabyak (Record no. 9284)

MARC details
000 -LEADER
fixed length control field 004350000a22001810004500
082 ## - DEWEY DECIMAL CLASSIFICATION NUMBER
Classification number 621.31
Item number Z196b
041 ## - LANGUAGE CODE
Language code of text/sound track or separate title Eng
100 ## - MAIN ENTRY--PERSONAL NAME
Personal name Zbar, Paul B.
245 ## - TITLE STATEMENT
Title Basic electricity; a text-kav nabyak
250 ## - EDITION STATEMENT
Edition statement 6th edn.
260 ## - PUBLICATION, DISTRIBUTION, ETC. (IMPRINT)
Place of publication, distribution, etc Illinois
Name of publisher, distributor, etc Glencoe Division of Macmillan
-- Graw-Hill
260 ## - PUBLICATION, DISTRIBUTION, ETC. (IMPRINT)
Date of publication, distribution, etc 1992
300 ## - PHYSICAL DESCRIPTION
Extent xiii,426p.
Other physical details illus
530 ## - ADDITIONAL PHYSICAL FORM AVAILABLE NOTE
Additional physical form available note M
650 ## - SUBJECT ADDED ENTRY--TOPICAL TERM
Topical term or geographic name as entry element Electricity
650 ## - SUBJECT ADDED ENTRY--TOPICAL TERM
Topical term or geographic name as entry element Electric generation
942 ## - ADDED ENTRY ELEMENTS (KOHA)
Koha item type General Collections

No items available.